| 000 | 00617nam a2200217 a 4500 | ||
|---|---|---|---|
| 001 | BRCA_6861 | ||
| 005 | 20190320205623.0 | ||
| 008 | 101111s1943----u--#######---#000-0#eng-# | ||
| 041 | _aeng | ||
| 044 | _au | ||
| 050 | 4 |
_aE744 _b.L56 1943 |
|
| 245 | 1 | 0 |
_aU. S. foreign policy _bshield of the republic _cby Walter Lippmann |
| 260 |
_aBoston _bLittle, Brown _c1943 |
||
| 300 |
_axvii, 177 p. _c20 cm. |
||
| 440 | 0 |
_aAn Atlantic monthly press book _917096 |
|
| 500 | _aO49 | ||
| 651 | 4 |
_aEstados Unidos _xRelaciones exteriores _ySiglo XX _917097 |
|
| 700 | 1 |
_aLippmann, Walter _917098 |
|
| 902 | _aGFM | ||
| 942 |
_2lcc _cB |
||
| 999 |
_c6543 _d6543 |
||